[Event "Ottawa op"]
[Site "Ottawa CAN"]
[Date "1998.09.19"]
[Round "1"]
[White "Veltmann, Alfred"]
[Black "De Kerpel, Stijn"]
[Result "1-0"]
[WhiteElo "1856"]
[BlackElo "2041"]
[PlyCount "155"]
[GameId "2160767911806347"]
[EventDate "1998.09.19"]
[EventType "swiss"]
[EventRounds "5"]
[EventCountry "CAN"]

1. e4 e6 2. d4 d5 3. Nd2 Nf6 4. e5 Nfd7 5. Bd3 c5 6. c3 Nc6 7. Ndf3 cxd4 8. cxd4 Be7 9. Ne2 O-O 10. O-O Kh8 11. Bb1 Nb6 12. Qd3 g6 13. Nd2 Qe8 14. Qh3 Bg5 15. f4 Be7 16. Qh6 f6 17. Nf3 fxe5 18. fxe5 Qf7 19. Nf4 Kg8 20. Ne2 Bd7 21. Nd2 Qg7 22. Qxg7+ Kxg7 23. Nf3 Rac8 24. b3 Nb4 25. a3 Bb5 26. Kf2 Nd3+ 27. Bxd3 Bxd3 28. Rd1 Bc2 29. Rd2 Bxb3 30. Rb2 Ba4 31. Bd2 Rc2 32. Rxc2 Bxc2 33. Bb4 Bxb4 34. axb4 a6 35. Rc1 Rc8 36. Nf4 Bf5 37. Rxc8 Nxc8 38. Ng5 b6 39. Ngxe6+ Bxe6 40. Nxe6+ Kf7 41. Nc7 Ne7 42. Nxa6 Nf5 43. Nc7 Nxd4 44. Nxd5 Ke6 45. Nxb6 Kxe5 46. Nd7+ Kd6 47. Nf8 Nc2 48. b5 Na3 49. b6 Kc6 50. b7 Kxb7 51. Nxh7 Nc4 52. Nf8 Ne5 53. Kg3 Kc7 54. Kf4 Kd6 55. Kg5 Nd3 56. Nxg6 Ne1 57. Nf4 Ke7 58. Kg6 Kf8 59. h4 Kg8 60. h5 Nc2 61. Ne6 Ne3 62. Nf4 Ng4 63. Kg5 Ne5 64. Kf5 Nf7 65. Kf6 Nd6 66. g4 Kh7 67. g5 Ne4+ 68. Kf5 Ng3+ 69. Ke5 Kg7 70. h6+ Kh7 71. Kf6 Ne4+ 72. Kf5 Ng3+ 73. Kg4 Ne4 74. Ne6 Nd6 75. Kh5 Ne4 76. g6+ Kh8 77. g7+ Kg8 78. Kg6 1-0

[Event "Ottawa op"]
[Site "Ottawa CAN"]
[Date "1998.09.19"]
[Round "2"]
[White "Gagnon, Fabien"]
[Black "Suller, Lorant"]
[Result "1-0"]
[WhiteElo "2054"]
[BlackElo "1714"]
[PlyCount "59"]
[GameId "2160767911806348"]
[EventDate "1998.09.19"]
[EventType "swiss"]
[EventRounds "5"]
[EventCountry "CAN"]

1. d4 Nf6 2. e3 g6 3. Nf3 Bg7 4. c4 O-O 5. Nc3 d6 6. Be2 c5 7. O-O cxd4 8. exd4 Bg4 9. h3 Bxf3 10. Bxf3 Nc6 11. Re1 Re8 12. d5 Ne5 13. Be2 a6 14. Be3 Nfd7 15. Rc1 Nb6 16. b3 Rc8 17. Qd2 Qc7 18. Ne4 Ned7 19. b4 Nf6 20. Nxf6+ Bxf6 21. Red1 Rcd8 22. Bf4 Nd7 23. c5 Ne5 24. c6 b5 25. a4 Rb8 26. Be3 Nc4 27. Bxc4 bxc4 28. Rxc4 Ra8 29. b5 axb5 30. axb5 1-0

[Event "Ottawa op"]
[Site "Ottawa CAN"]
[Date "1998.09.19"]
[Round "2"]
[White "Smilovici, Emil"]
[Black "Veltmann, Alfred"]
[Result "1-0"]
[WhiteElo "2064"]
[BlackElo "1856"]
[PlyCount "71"]
[GameId "2160767911806350"]
[EventDate "1998.09.19"]
[EventType "swiss"]
[EventRounds "5"]
[EventCountry "CAN"]

1. e4 e5 2. Nf3 Nc6 3. Bb5 a6 4. Ba4 Nf6 5. d4 Nxe4 6. Qe2 d5 7. Nxe5 Bd7 8. Bxc6 bxc6 9. Nxd7 Kxd7 10. Qg4+ Ke8 11. O-O Qd7 12. Qe2 Kd8 13. Nd2 Nxd2 14. Bxd2 Bd6 15. c4 Qe6 16. Qf3 dxc4 17. Rfe1 Qd5 18. Qg4 Rg8 19. Re2 h5 20. Qh4+ Kc8 21. Rae1 Kb7 22. Bc3 a5 23. a4 Ka6 24. Qh3 g5 25. g3 g4 26. Qf1 Rab8 27. Re5 Bxe5 28. Rxe5 Qf3 29. Re3 Qd5 30. Re5 Qf3 31. Qxc4+ Kb7 32. Bxa5 h4 33. Re7 Rgf8 34. Re3 Qf5 35. Be1 h3 36. Qb4+ 1-0

[Event "Ottawa op"]
[Site "Ottawa CAN"]
[Date "1998.09.19"]
[Round "3"]
[White "Gould, Charles"]
[Black "Gagnon, Fabien"]
[Result "0-1"]
[WhiteElo "2019"]
[BlackElo "2054"]
[PlyCount "68"]
[GameId "2160767911806351"]
[EventDate "1998.09.19"]
[EventType "swiss"]
[EventRounds "5"]
[EventCountry "CAN"]

1. d4 d5 2. c4 c6 3. Nc3 e6 4. e4 dxe4 5. Nxe4 Nf6 6. Nxf6+ Qxf6 7. Nf3 Bb4+ 8. Bd2 Bxd2+ 9. Qxd2 O-O 10. Bd3 Nd7 11. Ng5 g6 12. Nf3 e5 13. h4 exd4 14. O-O-O Nc5 15. Qh6 Nxd3+ 16. Rxd3 c5 17. h5 Bf5 18. Ng5 Qg7 19. Qxg7+ Kxg7 20. Rb3 b6 21. hxg6 Bxg6 22. Rbh3 Rh8 23. f4 Rae8 24. g4 f6 25. Nf3 Re3 26. f5 Be8 27. g5 fxg5 28. Nxg5 Rxh3 29. Rxh3 Bd7 30. Rf3 Rf8 31. f6+ Rxf6 32. Rxf6 Kxf6 33. Nxh7+ Kf5 34. Kd2 Bc8 0-1

[Event "Ottawa op"]
[Site "Ottawa CAN"]
[Date "1998.09.19"]
[Round "3"]
[White "Pacey, Kevin"]
[Black "Taylor, Gordon"]
[Result "0-1"]
[WhiteElo "2298"]
[BlackElo "2366"]
[PlyCount "39"]
[GameId "2160767911806352"]
[EventDate "1998.09.19"]
[EventType "swiss"]
[EventRounds "5"]
[EventCountry "CAN"]

1. e4 c5 2. Nf3 e6 3. Nc3 a6 4. d4 cxd4 5. Nxd4 Nc6 6. Nxc6 bxc6 7. Bd3 d5 8. O-O Nf6 9. Qe2 Be7 10. f4 O-O 11. e5 Nd7 12. Na4 Nb6 13. Nxb6 Qxb6+ 14. Kh1 g6 15. c4 Bb7 16. f5 exf5 17. Bh6 Rfe8 18. cxd5 cxd5 19. Rf3 d4 20. Rg3 0-1

[Event "Ottawa op"]
[Site "Ottawa CAN"]
[Date "1998.09.20"]
[Round "4"]
[White "Arsenault, Michel"]
[Black "Veltmann, Alfred"]
[Result "1/2-1/2"]
[WhiteElo "2000"]
[BlackElo "1856"]
[PlyCount "111"]
[GameId "2160767911806353"]
[EventDate "1998.09.19"]
[EventType "swiss"]
[EventRounds "5"]
[EventCountry "CAN"]

1. c4 Nf6 2. g3 e5 3. Bg2 g6 4. Nc3 Bg7 5. e4 O-O 6. Nge2 Nc6 7. O-O Re8 8. f4 d6 9. Rb1 Bg4 10. d3 Nd4 11. h3 Bxe2 12. Nxe2 Nxe2+ 13. Qxe2 Nh5 14. Qf3 exf4 15. gxf4 Bd4+ 16. Be3 Bxe3+ 17. Qxe3 f5 18. Qf2 c6 19. exf5 gxf5 20. b4 Re7 21. Qh4 Ng7 22. b5 Rc7 23. Qh6 Qf8 24. Rfe1 Re8 25. Rxe8 Nxe8 26. Qe6+ Qf7 27. Qxf7+ Kxf7 28. bxc6 bxc6 29. a4 Nf6 30. a5 Ke7 31. Kf2 Nd7 32. Bf3 Nc5 33. d4 Ne6 34. Ke3 Nd8 35. h4 Kf6 36. Rb8 Ke7 37. Bg2 Rb7 38. Rxb7+ Nxb7 39. Bxc6 Nxa5 40. Bd5 Kd7 41. Kd3 Nc6 42. Bg2 Ne7 43. h5 Ng8 44. Kc3 Nf6 45. Bf3 Kc7 46. Kb4 h6 47. Kb5 Ng4 48. Bd5 Kd7 49. Ka6 Ke7 50. Kxa7 Nf2 51. Kb6 Nh3 52. Bf3 Nxf4 53. c5 dxc5 54. dxc5 Ne6 55. Bd5 Nd4 56. c6 1/2-1/2

[Event "Ottawa op"]
[Site "Ottawa CAN"]
[Date "1998.09.20"]
[Round "4"]
[White "Gagnon, Fabien"]
[Black "De Kerpel, Stijn"]
[Result "1-0"]
[WhiteElo "2051"]
[BlackElo "2041"]
[PlyCount "89"]
[GameId "2160767911806354"]
[EventDate "1998.09.19"]
[EventType "swiss"]
[EventRounds "5"]
[EventCountry "CAN"]

1. d4 d5 2. Nf3 Nc6 3. e3 Bg4 4. Be2 e6 5. Nbd2 a6 6. O-O Nf6 7. b3 Be7 8. Bb2 O-O 9. c4 Re8 10. Rc1 Bf8 11. h3 Bf5 12. Nh4 Bg6 13. Nxg6 hxg6 14. Nf3 Ne4 15. a3 Ne7 16. Qc2 Rc8 17. Bd3 Nf6 18. c5 c6 19. Ne5 Nd7 20. Nf3 Nf5 21. g3 Qf6 22. Kg2 g5 23. b4 g6 24. Nh2 Bg7 25. Rce1 Qe7 26. Ng4 Nh6 27. Ne5 Nxe5 28. dxe5 Qc7 29. f4 gxf4 30. exf4 Kf8 31. g4 Qe7 32. Bd4 Rc7 33. Rf3 Rd8 34. Bf2 Ke8 35. Bg3 Rcc8 36. Qf2 Rd7 37. Bh4 Qf8 38. f5 gxf5 39. gxf5 Qg8 40. fxe6 fxe6 41. Bg6+ Nf7 42. Qg3 Rcc7 43. Qg5 Rc8 44. Rxf7 Rxf7 45. Qe7# 1-0

[Event "Ottawa op"]
[Site "Ottawa CAN"]
[Date "1998.09.19"]
[Round "5"]
[White "Gould, Charles"]
[Black "Veltmann, Alfred"]
[Result "1/2-1/2"]
[WhiteElo "2019"]
[BlackElo "1856"]
[PlyCount "73"]
[GameId "2160767911806355"]
[EventDate "1998.09.19"]
[EventType "swiss"]
[EventRounds "5"]
[EventCountry "CAN"]

1. d4 Nf6 2. c4 e6 3. Nc3 d5 4. cxd5 Nxd5 5. Nxd5 exd5 6. Bf4 Bb4+ 7. Bd2 Bxd2+ 8. Qxd2 O-O 9. e3 Qd6 10. Nf3 Nc6 11. a3 h6 12. Be2 Bg4 13. O-O Rae8 14. b4 a6 15. Rac1 Nd8 16. h3 Bf5 17. b5 axb5 18. Bxb5 c6 19. Bd3 Be4 20. Bxe4 dxe4 21. Ne1 Qxa3 22. Nc2 Qd6 23. Rb1 Re7 24. Rb6 f5 25. Rd1 Rd7 26. Qe2 g6 27. Rdb1 Kg7 28. f4 exf3 29. Qxf3 Qd5 30. Qxd5 Rxd5 31. Nb4 Rd7 32. Nd3 Re7 33. Kf2 Rfe8 34. Ne5 Rc7 35. R1b3 Re6 36. Nd3 Ree7 37. Nf4 1/2-1/2

[Event "Ottawa op"]
[Site "Ottawa CAN"]
[Date "1998.09.20"]
[Round "5"]
[White "Gagnon, Fabien"]
[Black "Voloaca, Mihnea"]
[Result "1/2-1/2"]
[WhiteElo "2054"]
[BlackElo "2078"]
[PlyCount "51"]
[GameId "2160767911806356"]
[EventDate "1998.09.19"]
[EventType "swiss"]
[EventRounds "5"]
[EventCountry "CAN"]

1. d4 Nf6 2. Nf3 e6 3. Nbd2 d5 4. e3 c5 5. c3 Be7 6. Ne5 Nbd7 7. f4 Qc7 8. Bd3 b6 9. O-O Bb7 10. Qf3 O-O 11. g4 cxd4 12. exd4 Rac8 13. g5 Nxe5 14. fxe5 Ne8 15. Bxh7+ Kxh7 16. Qh5+ Kg8 17. Rf3 g6 18. Qh6 Ng7 19. Rh3 Nh5 20. Nf3 Rfd8 21. Rxh5 gxh5 22. g6 fxg6 23. Qxg6+ Kh8 24. Qh6+ Kg8 25. Qg6+ Kh8 26. Qh6+ 1/2-1/2

[Event "Outaouais op"]
[Site "Hull CAN"]
[Date "1998.10.23"]
[Round "1"]
[White "Cote, Jacques"]
[Black "Djerkovic, Miladin"]
[Result "0-1"]
[WhiteElo "2012"]
[BlackElo "2316"]
[PlyCount "90"]
[GameId "2160767911806170"]
[EventDate "1998.10.23"]
[EventType "swiss"]
[EventRounds "5"]
[EventCountry "CAN"]
[SourceTitle "EXT 2022"]
[Source "ChessBase"]
[SourceDate "2021.10.06"]
[SourceVersion "1"]
[SourceVersionDate "2021.10.06"]
[SourceQuality "1"]

1. e4 e5 2. Nf3 Nc6 3. Bc4 Bc5 4. c3 Nf6 5. d4 exd4 6. cxd4 Bb4+ 7. Nc3 Nxe4 8. O-O Bxc3 9. d5 Bf6 10. Re1 Ne7 11. Rxe4 d6 12. Bg5 Bxg5 13. Nxg5 h6 14. Qe2 hxg5 15. Re1 Be6 16. dxe6 f6 17. Re3 c6 18. Rh3 Rxh3 19. gxh3 g6 20. Qf3 Qa5 21. Kf1 Qf5 22. Qg3 O-O-O 23. b4 d5 24. Be2 d4 25. Qa3 d3 26. Bg4 Qd5 27. Kg1 f5 28. Bd1 d2 29. Re3 Kb8 30. b5 c5 31. Qb2 Qd4 32. Qxd4 Rxd4 33. Kf1 Kc7 34. Ke2 c4 35. a4 Kd6 36. a5 Nd5 37. Rg3 Nf4+ 38. Kf1 Re4 39. Re3 Rxe6 40. b6 axb6 41. axb6 Rxe3 42. fxe3 Nd5 43. Ke2 Nc3+ 44. Kxd2 Nxd1 45. Kxd1 Kd5 0-1

[Event "Outaouais op"]
[Site "Hull CAN"]
[Date "1998.10.23"]
[Round "1"]
[White "Dydak, Mateusz"]
[Black "Piche, Guy"]
[Result "0-1"]
[WhiteElo "1921"]
[BlackElo "1727"]
[PlyCount "72"]
[GameId "2160767911806171"]
[EventDate "1998.10.23"]
[EventType "swiss"]
[EventRounds "5"]
[EventCountry "CAN"]
[SourceTitle "EXT 2022"]
[Source "ChessBase"]
[SourceDate "2021.10.06"]
[SourceVersion "1"]
[SourceVersionDate "2021.10.06"]
[SourceQuality "1"]

1. e4 e5 2. Nf3 d6 3. Bc4 Be7 4. h3 Nf6 5. Nc3 Nc6 6. O-O O-O 7. Re1 Na5 8. Bf1 Ne8 9. Nd5 f5 10. exf5 Bxf5 11. d4 e4 12. Nxe7+ Qxe7 13. Bd2 Nc6 14. Bc4+ Kh8 15. d5 Ne5 16. Nxe5 Qxe5 17. Bc3 Qf4 18. Qd4 Qg5 19. Re3 Nf6 20. Rg3 Qh5 21. Qe3 Qf7 22. Qd4 a6 23. a4 Rae8 24. Qa7 Nh5 25. Rg5 Bc8 26. Qd4 Re7 27. a5 h6 28. Rg3 Nxg3 29. fxg3 Qg6 30. Qe3 Ref7 31. Re1 Bxh3 32. gxh3 Rf3 33. Qxe4 Qxg3+ 34. Kh1 Qxh3+ 35. Kg1 Rg3+ 36. Qg2 Qxg2# 0-1

[Event "Outaouais op"]
[Site "Hull CAN"]
[Date "1998.10.23"]
[Round "1"]
[White "Goldenberg, Danny"]
[Black "McKim, Fred"]
[Result "1-0"]
[WhiteElo "2292"]
[BlackElo "1938"]
[PlyCount "75"]
[GameId "2160767911806172"]
[EventDate "1998.10.23"]
[EventType "swiss"]
[EventRounds "5"]
[EventCountry "CAN"]
[SourceTitle "EXT 2022"]
[Source "ChessBase"]
[SourceDate "2021.10.06"]
[SourceVersion "1"]
[SourceVersionDate "2021.10.06"]
[SourceQuality "1"]

1. e4 e5 2. Nf3 Nc6 3. Bc4 Nf6 4. d3 Be7 5. O-O h6 6. Re1 d6 7. c3 O-O 8. Nbd2 a6 9. Bb3 Be6 10. Nf1 Qd7 11. Ng3 Nh7 12. d4 Bxb3 13. Qxb3 exd4 14. Nxd4 Nxd4 15. cxd4 Bf6 16. d5 c5 17. Nf5 Rfe8 18. Bf4 Be5 19. Qg3 g6 20. Nxh6+ Kh8 21. Bxe5+ Rxe5 22. f4 Rh5 23. Ng4 Rf8 24. Nf2 Nf6 25. Rad1 b5 26. Qf3 Kg7 27. e5 dxe5 28. fxe5 Ne8 29. Qc3 f6 30. e6 Qd6 31. Qg3 Rxd5 32. Qxd6 Rxd6 33. Rxd6 Nxd6 34. Rd1 Nf5 35. Rd7+ Kh6 36. Ne4 c4 37. e7 Re8 38. Nxf6 1-0

[Event "Outaouais op"]
[Site "Hull CAN"]
[Date "1998.10.23"]
[Round "1"]
[White "Khassanov, Marat"]
[Black "Gagnon, Fabien"]
[Result "1-0"]
[WhiteElo "2452"]
[BlackElo "2015"]
[PlyCount "81"]
[GameId "2160767911806175"]
[EventDate "1998.10.23"]
[EventType "swiss"]
[EventRounds "5"]
[EventCountry "CAN"]
[SourceTitle "EXT 2022"]
[Source "ChessBase"]
[SourceDate "2021.10.06"]
[SourceVersion "1"]
[SourceVersionDate "2021.10.06"]
[SourceQuality "1"]

1. e4 c5 2. Ne2 Nc6 3. c4 g6 4. Nbc3 Bg7 5. d3 Nf6 6. g3 O-O 7. Bg2 d6 8. O-O Bd7 9. h3 a6 10. Be3 Rb8 11. Rc1 e5 12. f4 Nd4 13. f5 gxf5 14. Bg5 Qc8 15. Nxd4 cxd4 16. Bxf6 dxc3 17. Bxg7 Kxg7 18. Rxc3 f4 19. Qh5 f6 20. gxf4 Qc5+ 21. Kh2 exf4 22. Qh4 Qe5 23. Qxf4 Rbc8 24. Qxe5 fxe5 25. Rcc1 b5 26. b4 bxc4 27. dxc4 Rxf1 28. Bxf1 Rf8 29. Kg3 Rb8 30. a3 Rc8 31. Rd1 Rc6 32. c5 Bc8 33. Rxd6 Rxd6 34. cxd6 Kf6 35. Bc4 Bb7 36. Kf3 Bc6 37. h4 Bb5 38. Bxb5 axb5 39. d7 Ke7 40. Kg4 Kxd7 41. Kf5 1-0

[Event "Outaouais op"]
[Site "Hull CAN"]
[Date "1998.10.23"]
[Round "1"]
[White "Kosich, Dusan"]
[Black "Morin, Louis"]
[Result "1/2-1/2"]
[WhiteElo "1725"]
[BlackElo "1892"]
[PlyCount "157"]
[GameId "2160767911806176"]
[EventDate "1998.10.23"]
[EventType "swiss"]
[EventRounds "5"]
[EventCountry "CAN"]
[SourceTitle "EXT 2022"]
[Source "ChessBase"]
[SourceDate "2021.10.06"]
[SourceVersion "1"]
[SourceVersionDate "2021.10.06"]
[SourceQuality "1"]

1. d4 Nf6 2. Nf3 d6 3. c4 c6 4. Nc3 Nbd7 5. Bf4 Qc7 6. h3 e5 7. dxe5 dxe5 8. Bh2 Be7 9. e3 O-O 10. Be2 Ne8 11. O-O f5 12. Nd4 Ndf6 13. Nf3 Bd6 14. c5 Bxc5 15. Bxe5 Qe7 16. Bc4+ Kh8 17. a3 Nd6 18. Ba2 Nf7 19. Bh2 Bd7 20. Qc2 Bd6 21. Rad1 Bxh2+ 22. Kxh2 Nd6 23. Kg1 Nfe4 24. Nxe4 fxe4 25. Nd2 Rad8 26. Bb1 Bf5 27. Nb3 Bxh3 28. f3 Bf5 29. Nd4 Bg6 30. f4 Nf5 31. Nxf5 Bxf5 32. Qa4 a6 33. b4 Rxd1 34. Rxd1 Rd8 35. Qc2 Rd3 36. Rxd3 exd3 37. Qd2 Qe4 38. g4 Bxg4 39. Qxd3 Qxd3 40. Bxd3 Bc8 41. Bc4 g6 42. Kf2 Kg7 43. Kf3 Kf6 44. e4 Be6 45. e5+ Ke7 46. Bd3 Bf5 47. Bc4 Kd7 48. Ke3 Be6 49. Bd3 Kc7 50. Kd4 Kb6 51. Ke3 c5 52. Be4 cxb4 53. axb4 Kc7 54. Kd4 b6 55. Bd3 Kc6 56. Be4+ Kb5 57. Bd5 Bf5 58. e6 Kxb4 59. e7 Bd7 60. Bf7 a5 61. e8=Q Bxe8 62. Bxe8 a4 63. Kd3 b5 64. Kc2 Kc4 65. Bf7+ Kd4 66. Bg8 h5 67. Bh7 h4 68. f5 gxf5 69. Bxf5 Kc4 70. Kb2 Kb4 71. Bd7 a3+ 72. Ka2 Ka4 73. Bc6 h3 74. Kb1 h2 75. Ka2 Kb4 76. Bd5 Kc3 77. Kxa3 b4+ 78. Ka2 Kc2 79. Be4+ 1/2-1/2

[Event "Outaouais op"]
[Site "Hull CAN"]
[Date "1998.10.23"]
[Round "1"]
[White "Petit, Raymond"]
[Black "Sikharulidze, Giorgi"]
[Result "0-1"]
[WhiteElo "1746"]
[BlackElo "2393"]
[PlyCount "28"]
[GameId "2160767911806177"]
[EventDate "1998.10.23"]
[EventType "swiss"]
[EventRounds "5"]
[EventCountry "CAN"]

1. d4 g6 2. c4 Bg7 3. e4 Nc6 4. Be3 e5 5. d5 Nd4 6. Nf3 c5 7. dxc6 dxc6 8. Be2 Qa5+ 9. Nc3 Be6 10. O-O O-O-O 11. Qc1 Qxc3 12. bxc3 Nxe2+ 13. Kh1 Nxc1 14. Rfxc1 Bxc4 0-1

[Event "Outaouais op"]
[Site "Hull CAN"]
[Date "1998.10.23"]
[Round "1"]
[White "Serdula, Jay"]
[Black "Lemieux, Richard"]
[Result "1-0"]
[WhiteElo "1832"]
[BlackElo "1579"]
[PlyCount "77"]
[GameId "2160767911806178"]
[EventDate "1998.10.23"]
[EventType "swiss"]
[EventRounds "5"]
[EventCountry "CAN"]
[SourceTitle "EXT 2022"]
[Source "ChessBase"]
[SourceDate "2021.10.06"]
[SourceVersion "1"]
[SourceVersionDate "2021.10.06"]
[SourceQuality "1"]

1. e4 e5 2. Nf3 Nc6 3. d4 d5 4. Bb5 Bg4 5. dxe5 a6 6. Bxc6+ bxc6 7. exd5 cxd5 8. O-O Bc5 9. Nc3 c6 10. h3 Bh5 11. Na4 Ba7 12. Qd3 h6 13. Nd4 Qh4 14. Nf5 Qxa4 15. Nxg7+ Kf8 16. Nxh5 Qh4 17. Ng3 Ne7 18. Be3 d4 19. Bd2 Rg8 20. Nf5 Nxf5 21. Qxf5 Re8 22. Kh2 Bb8 23. Bb4+ Kg7 24. Rae1 Re6 25. g3 Qd8 26. Re4 Qd5 27. Rg4+ Kh8 28. Qxf7 Rxg4 29. hxg4 Bxe5 30. Rh1 Bxg3+ 31. Kh3 Bd6 32. Bxd6 Re3+ 33. fxe3 Qxf7 34. Be5+ Kh7 35. Bxd4 Qxa2 36. Rf1 Qc4 37. Rf6 Qxc2 38. Rf7+ Kg6 39. Rg7# 1-0

[Event "Outaouais op"]
[Site "Hull CAN"]
[Date "1998.10.23"]
[Round "1"]
[White "Taylor, Gordon"]
[Black "Groleau, Gilles"]
[Result "1-0"]
[WhiteElo "2388"]
[BlackElo "1983"]
[PlyCount "83"]
[GameId "2160767911806179"]
[EventDate "1998.10.23"]
[EventType "swiss"]
[EventRounds "5"]
[EventCountry "CAN"]
[SourceTitle "EXT 2022"]
[Source "ChessBase"]
[SourceDate "2021.10.06"]
[SourceVersion "1"]
[SourceVersionDate "2021.10.06"]
[SourceQuality "1"]

1. d4 Nf6 2. c4 e6 3. g3 d5 4. Bg2 Be7 5. Nf3 O-O 6. O-O b6 7. Ne5 Bb7 8. Nc3 Nbd7 9. cxd5 Nxe5 10. d6 Nc6 11. dxe7 Qxe7 12. Bg5 h6 13. Bxf6 Qxf6 14. Qa4 Na5 15. e4 Qe7 16. Rab1 Rfd8 17. Rfd1 Rd7 18. b4 Nc6 19. e5 Nd8 20. d5 a5 21. b5 Rb8 22. Qc4 exd5 23. Bxd5 Qxe5 24. Bxb7 Rxd1+ 25. Rxd1 Nxb7 26. Rd7 Rf8 27. Qxc7 Qxc7 28. Rxc7 Nd6 29. Rc6 Rc8 30. Rxb6 Rxc3 31. Rxd6 Rc2 32. b6 Rb2 33. Kg2 g6 34. Kf3 Kg7 35. Ke4 Rxa2 36. Kd5 a4 37. Kc5 Rb2 38. Rd3 Rxf2 39. b7 Rb2 40. Kc6 a3 41. Rxa3 h5 42. Ra4 1-0

[Event "Outaouais op"]
[Site "Hull CAN"]
[Date "1998.10.24"]
[Round "2"]
[White "Bachand-Fleurent, Julien"]
[Black "Taylor, Gordon"]
[Result "0-1"]
[WhiteElo "1819"]
[BlackElo "2388"]
[PlyCount "74"]
[GameId "2160767911806180"]
[EventDate "1998.10.23"]
[EventType "swiss"]
[EventRounds "5"]
[EventCountry "CAN"]
[SourceTitle "EXT 2022"]
[Source "ChessBase"]
[SourceDate "2021.10.06"]
[SourceVersion "1"]
[SourceVersionDate "2021.10.06"]
[SourceQuality "1"]

1. e4 c5 2. Nf3 Nc6 3. d4 cxd4 4. Nxd4 g6 5. Nc3 Bg7 6. Be3 Nf6 7. Be2 O-O 8. Qd2 d5 9. Nxc6 bxc6 10. Rd1 Be6 11. Bf3 dxe4 12. Nxe4 Nxe4 13. Bxe4 Bxb2 14. Qb4 Qb8 15. Qa4 Bc3+ 16. Ke2 Qe5 17. Bxc6 Rac8 18. f3 Bxa2 19. Qxa2 Rxc6 20. Qxa7 Bb2 21. Rd2 Rfc8 22. Qa4 Rc4 23. Qd7 Rxc2 24. Kf2 Bd4 25. Qxc8+ Rxc8 26. Bxd4 Qf5 27. Ra1 Qf4 28. Be3 Qxh2 29. Ra7 Qh4+ 30. Ke2 Qg3 31. Kd1 Qe5 32. Bd4 Qb5 33. Rxe7 Qc4 34. Re3 Rb8 35. Bb2 Rxb2 36. Re8+ Kg7 37. Rxb2 Qa4+ 0-1

[Event "Outaouais op"]
[Site "Hull CAN"]
[Date "1998.10.24"]
[Round "2"]
[White "Gagnon, Fabien"]
[Black "Cote, Jacques"]
[Result "0-1"]
[WhiteElo "2015"]
[BlackElo "2012"]
[PlyCount "79"]
[GameId "2160767911806182"]
[EventDate "1998.10.23"]
[EventType "swiss"]
[EventRounds "5"]
[EventCountry "CAN"]
[SourceTitle "EXT 2022"]
[Source "ChessBase"]
[SourceDate "2021.10.06"]
[SourceVersion "1"]
[SourceVersionDate "2021.10.06"]
[SourceQuality "1"]

1. d4 f5 2. Nf3 Nf6 3. c4 g6 4. g3 Bg7 5. Bg2 O-O 6. O-O d6 7. Nbd2 Qe8 8. b3 e5 9. dxe5 Ng4 10. Bb2 Nc6 11. Qc2 Ngxe5 12. Nxe5 dxe5 13. e3 Be6 14. a3 Rd8 15. Rad1 Rf7 16. Nb1 e4 17. Rxd8 Qxd8 18. Rd1 Rd7 19. Rxd7 Qxd7 20. Bxg7 Qxg7 21. f4 Qa1 22. Bf1 a5 23. c5 Kf8 24. Kf2 Ne7 25. Bc4 Bxc4 26. bxc4 Nc6 27. Qb3 Nd8 28. c6 bxc6 29. c5 Ke7 30. Nd2 Ne6 31. Qc4 Qxa3 32. Nb3 Qa2+ 33. Ke1 a4 34. Na5 Qxc4 35. Nxc4 Nxc5 36. Kd2 Ke6 37. Kc3 Kd5 38. h3 Nd3 39. Nd2 c5 40. g4 0-1

[Event "Outaouais op"]
[Site "Hull CAN"]
[Date "1998.10.24"]
[Round "2"]
[White "Groleau, Gilles"]
[Black "Galustov, Karen"]
[Result "1-0"]
[WhiteElo "1983"]
[BlackElo "1483"]
[PlyCount "59"]
[GameId "2160767911806183"]
[EventDate "1998.10.23"]
[EventType "swiss"]
[EventRounds "5"]
[EventCountry "CAN"]
[SourceTitle "EXT 2022"]
[Source "ChessBase"]
[SourceDate "2021.10.06"]
[SourceVersion "1"]
[SourceVersionDate "2021.10.06"]
[SourceQuality "1"]

1. e4 e6 2. d4 d5 3. Nd2 Nf6 4. e5 Nfd7 5. Bd3 c5 6. c3 Nc6 7. Ne2 Qb6 8. Nf3 Be7 9. O-O cxd4 10. cxd4 O-O 11. a3 a5 12. Qc2 h6 13. Be3 Re8 14. Rfe1 Nf8 15. Nc3 f6 16. Na4 Qc7 17. Rac1 Bd7 18. Qb3 Bd8 19. Bb5 Rc8 20. Nc5 Qb6 21. Rc3 Nxd4 22. Nxd7 Nxf3+ 23. gxf3 Rxc3 24. bxc3 Qc7 25. Nxf6+ Bxf6 26. exf6 Rc8 27. Bd4 gxf6 28. Bxf6 Qf7 29. Be5 Qxf3 30. Re3 1-0

[Event "Outaouais op"]
[Site "Hull CAN"]
[Date "1998.10.24"]
[Round "2"]
[White "Morin, Louis"]
[Black "Bilodeau, Victor"]
[Result "1/2-1/2"]
[WhiteElo "1892"]
[BlackElo "1664"]
[PlyCount "40"]
[GameId "2160767911806186"]
[EventDate "1998.10.23"]
[EventType "swiss"]
[EventRounds "5"]
[EventCountry "CAN"]
[SourceTitle "EXT 2022"]
[Source "ChessBase"]
[SourceDate "2021.10.06"]
[SourceVersion "1"]
[SourceVersionDate "2021.10.06"]
[SourceQuality "1"]

1. e4 e5 2. Nf3 Nf6 3. Nc3 d6 4. d4 exd4 5. Qxd4 Nc6 6. Bb5 Bd7 7. Bxc6 Bxc6 8. O-O Be7 9. h3 O-O 10. Bf4 Re8 11. Rad1 Qc8 12. Nd5 Nxd5 13. exd5 Bf6 14. Qd3 Bd7 15. Nd4 Be5 16. Bc1 b6 17. Qc4 Bxh3 18. gxh3 Qxh3 19. f4 Bxd4+ 20. Rxd4 Qg3+ 1/2-1/2

[Event "Outaouais op"]
[Site "Hull CAN"]
[Date "1998.10.24"]
[Round "2"]
[White "Sikharulidze, Giorgi"]
[Black "Goldenberg, Danny"]
[Result "1-0"]
[WhiteElo "2393"]
[BlackElo "2292"]
[PlyCount "55"]
[GameId "2160767911806187"]
[EventDate "1998.10.23"]
[EventType "swiss"]
[EventRounds "5"]
[EventCountry "CAN"]

1. Nf3 g6 2. g3 Bg7 3. Bg2 e5 4. O-O Ne7 5. c4 Nbc6 6. Nc3 O-O 7. Rb1 d6 8. b4 Be6 9. d3 h6 10. b5 Nd4 11. Nxd4 exd4 12. Nd5 Nxd5 13. cxd5 Bd7 14. e4 a6 15. b6 c5 16. dxc6 bxc6 17. b7 Rb8 18. Qa4 a5 19. Bd2 c5 20. Qxa5 Qxa5 21. Bxa5 Bc6 22. e5 d5 23. Rb6 Bxb7 24. Rfb1 Ra8 25. Rxb7 Rxa5 26. Bxd5 Bxe5 27. Re7 Bg7 28. Rbb7 1-0

[Event "Outaouais op"]
[Site "Hull CAN"]
[Date "1998.10.24"]
[Round "3"]
[White "Fortin, Marc"]
[Black "Gagnon, Fabien"]
[Result "1/2-1/2"]
[WhiteElo "1914"]
[BlackElo "2015"]
[PlyCount "69"]
[GameId "2160767911806189"]
[EventDate "1998.10.23"]
[EventType "swiss"]
[EventRounds "5"]
[EventCountry "CAN"]
[SourceTitle "EXT 2022"]
[Source "ChessBase"]
[SourceDate "2021.10.06"]
[SourceVersion "1"]
[SourceVersionDate "2021.10.06"]
[SourceQuality "1"]

1. e4 e6 2. d4 d5 3. Nd2 Nf6 4. e5 Nfd7 5. Bd3 c5 6. c3 Nc6 7. Ne2 Qb6 8. Nf3 cxd4 9. cxd4 f6 10. exf6 Nxf6 11. O-O Bd6 12. a3 O-O 13. b4 a6 14. Bg5 Ne4 15. Be3 Qc7 16. Ng3 Nf6 17. Qc2 e5 18. dxe5 Nxe5 19. Nxe5 Qxc2 20. Bxc2 Bxe5 21. Rad1 Bd7 22. Bc5 Rfe8 23. Bf5 Bb5 24. Rfe1 Bb2 25. Be6+ Kh8 26. Nf5 Bd7 27. Bxd7 Nxd7 28. a4 Nxc5 29. bxc5 Bc3 30. Rxe8+ Rxe8 31. Nd6 Re7 32. g3 d4 33. Rd3 g6 34. Kg2 Kg7 35. f3 1/2-1/2